| 000 | 00522nam a2200169 i 4500 | ||
|---|---|---|---|
| 001 | 33836 | ||
| 003 | ES-MaACL | ||
| 005 | 20230906154829.0 | ||
| 007 | t| | ||
| 008 | 030203s1977 sp ||||1| spa d | ||
| 100 | 1 |
_aBland, Alexander. _929313 |
|
| 245 | 1 | 3 |
_aEl Valentino de Nureyev / _cAlexander Bland ; [traducido por Mª Antonia Menini]. |
| 260 |
_a[Barcelona : _bGrijalbo, _c1977] |
||
| 300 |
_a124 p., 22 lám. : _bil. ; _c25 cm. |
||
| 700 | 1 |
_aMenini, María Antonia. _980365 |
|
| 852 |
_aES-MaACL _jL-6219 _bR.106464 |
||
| 999 |
_c33836 _d33836 |
||